| 000 | 01942namaa22003737i 4500 | ||
|---|---|---|---|
| 001 | 768714001 | ||
| 003 | CO-MdFUSB | ||
| 005 | 20260225155521.0 | ||
| 007 | cr aa aaaaa | ||
| 008 | 180403s2024 ck ||||| |||| 00| 0 spa dd | ||
| 040 |
_aCO-MdFUSB _bEspañol _cCO-MdFUSB _dCO-MdFUSB |
||
| 041 | _aspa | ||
| 043 | _ack | ||
| 100 |
_aCarmona Giraldo, Francisco Javier, _eautor |
||
| 245 |
_aJesús vino a deshacer las obras del maligno _c/ Francisco Javier Carmona Giraldo ; asesorado por Gerrit Cornelis Vreugdenhil |
||
| 264 | 1 |
_aMedellín, Colombia : _bFUSBC, _c2024 |
|
| 300 | _aRecurso electrónico | ||
| 336 |
_2rdacontent _atexto _btxt |
||
| 337 |
_2rdamedia _ainformático _bc |
||
| 338 |
_2rdacarrier _aremoto _bcr |
||
| 502 |
_aTrabajo de grado _b(Teología) -- _cFundación Universitaria Seminario Bíblico de Colombia, _d2024 |
||
| 504 | _aBibliografía (página 56) | ||
| 505 | _aMarco de referencia: El Nuevo Testamento, Lucas y las fuerzas del mal. -- El endemoniado Gadareno en Lucas 8:26-39. -- Lecciones teológicas | ||
| 506 | _aAcceso en línea | ||
| 520 | _aEs un grave problema no saber enfrentar el mundo espiritual maligno o apoyarse en personas con creencias diferentes a las escrituras. Por esto se invita creer, comprender y enfrentar las fuerzas del mal en la autoridad de Jesús a la luz de las enseñanzas bíblicas. Además se aborda las fuerzas del mal en el Nuevo Testamento y el relato sobre la liberación del endemoniado de la región de Gadara. Se concluye que solo Jesús es el como modelo supremo de autoridad espiritual para enfrentar y vencer la presencia demoníaca. | ||
| 650 | 0 |
_aHombres (Teología cristiana) _91269 |
|
| 653 | _aEndemoniado | ||
| 653 | _aÁngeles y demonios | ||
| 653 | _aDemonología | ||
| 700 |
_aVreugdenhil, Gerrit C. _easesor _99299 |
||
| 856 |
_aREPCI _uhttps://repositorio.repci.co/handle/123456789/772 |
||
| 942 | _cTG | ||
| 999 |
_c71269 _d71269 |
||